Programas, Experiencias y Metodos de Alfabetización con Poblaciones en contexto de Vulnerabilidad en países andinos (2004-2008) Informe País Bolivia (Record no. 10890)
[ view plain ]
| 000 -LEADER | |
|---|---|
| campo de control de longitud fija | 00452nam a2200145Ia 4500 |
| 001 - NÚMERO DE CONTROL | |
| campo de control | 922 |
| 008 - DATOS DE LONGITUD FIJA--INFORMACIÓN GENERAL | |
| campo de control de longitud fija | 241024s9999 xx 000 0 und d |
| 082 ## - NÚMERO DE LA CLASIFICACIÓN DECIMAL DEWEY | |
| Número de clasificación | 374.012/U56p |
| 100 ## - ENTRADA PRINCIPAL--NOMBRE DE PERSONA | |
| Nombre de persona | UNESCO |
| 245 #0 - MENCIÓN DEL TÍTULO | |
| Título | Programas, Experiencias y Metodos de Alfabetización con Poblaciones en contexto de Vulnerabilidad en países andinos (2004-2008) Informe País Bolivia |
| 260 ## - PUBLICACIÓN, DISTRIBUCIÓN, ETC. | |
| Nombre del editor, distribuidor, etc. | UNESCO |
| Fecha de publicación, distribución, etc. | 2009 |
| 590 ## - NOTA LOCAL (RLIN) | |
| Nota local | si |
| 901 ## - ELEMENTOS DE DATOS A LOCAL LDA (RLIN) | |
| a | 9/12/2010 1:41:14 p.m. |
No items available.